CE-324 Soil-II OD-78/CED-79 (Record no. 553612)
[ view plain ]
| 000 -LEADER | |
|---|---|
| fixed length control field | 00412nam a22001337a 4500 |
| 082 ## - DEWEY DECIMAL CLASSIFICATION NUMBER | |
| Classification number | CP-17 |
| Author Mark | Asst Prof Abdul Waheed |
| 100 ## - MAIN ENTRY--PERSONAL NAME | |
| Personal name | Asst Prof Abdul Waheed |
| 9 (RLIN) | 48243 |
| 245 ## - TITLE STATEMENT | |
| Title | CE-324 Soil-II OD-78/CED-79 |
| Statement of responsibility, etc. | Asst Prof Abdul Waheed |
| 260 ## - PUBLICATION, DISTRIBUTION, ETC. | |
| Place of publication, distribution, etc. | MCE |
| Name of publisher, distributor, etc. | Asst Prof Abdul Waheed |
| Date of publication, distribution, etc. | Fall-Semester 2014 OD-78/CED-79 |
| 300 ## - PHYSICAL DESCRIPTION | |
| Other physical details | Hard Folder |
| Dimensions | 35 CM |
| 526 ## - STUDY PROGRAM INFORMATION NOTE | |
| Program name | 0 |
| Interest level | 0 |
| Reading level | 0 |
| Title point value | CP_21 |
| 650 ## - SUBJECT ADDED ENTRY--TOPICAL TERM | |
| Topical term or geographic name entry element | Course Pack |
| 942 ## - ADDED ENTRY ELEMENTS (KOHA) | |
| Source of classification or shelving scheme | |
| Koha item type | Book |
| Withdrawn status | Lost status | Source of classification or shelving scheme | Damaged status | Not for loan | Permanent Location | Current Location | Date acquired | Total Checkouts | Full call number | Barcode | Date last seen | Date last checked out | Price effective from | Koha item type |
|---|---|---|---|---|---|---|---|---|---|---|---|---|---|---|
| Military College of Engineering (MCE) | Military College of Engineering (MCE) | 11/19/2015 | 2 | CP-21 | MCE-CP-17 | 10/13/2020 | 10/13/2020 | 03/14/2021 | Book |
